| 000 | 00854pam a2200277 a 4500 | ||
|---|---|---|---|
| 999 |
_c4327 _d4327 |
||
| 001 | 469985 | ||
| 003 | OSt | ||
| 005 | 20181204182918.0 | ||
| 008 | 991108s2000 miua b 000 0 eng | ||
| 010 | _a 99057937 | ||
| 020 | _a0310229952 (alk. paper) | ||
| 035 | _a(OCoLC)ocm42863176 | ||
| 035 | _a(OCoLC)ocm42863176 | ||
| 040 |
_aDLC _cDLC |
||
| 049 | _aPTSS | ||
| 082 |
_a232.9 _bJ73J |
||
| 090 |
_aBT205 _b.F79 2000 |
||
| 100 | 1 | _aFrye, John W. | |
| 245 | 1 | 0 |
_aJesus the pastor : _bleading others in the character & power of Christ / _cJohn W. Frye ; foreword by Eugene H. Peterson. |
| 260 |
_aGrand Rapids, Mich. : _bZondervan Pub. House, _cc2000. |
||
| 300 |
_a179 p. : _bill. ; _c23 cm. |
||
| 504 | _aIncludes bibliographical references. | ||
| 600 | 0 | 0 |
_aJesus Christ _xPerson and offices. |
| 650 | 0 | _aPastoral theology. | |
| 942 |
_2ddc _cBK |
||